000 00731cab a2200229 4500
001 WB2835-07
008 090401t1992 xxu||||| |||| 00| 0 eng d
035 _a(Sirsi) u6827
041 _aeng
245 _aMore space - at less cost?
260 _c1992
350 _a0
490 _aShopping Centre
_vSeptember 1992, 14(1)
520 _aAnalysis of the cost of building a car park including a break down of costs for standard, underground and multi-storey car parks by £/m2 and £/Car.
650 _aBUILT ENVIRONMENT-BUILDING COSTS
650 _aCAR PARKS
650 _aCYRIL SWEETT AND PARTNERS
650 _aMULTI-STOREY CAR PARKS
690 _aBUILT ENVIRONMENT-BUILDING COSTS
942 _n0
948 _c04/03/1997
999 _c4059
_d4059